| 000 | 00512cas a22001815a 4500 | ||
|---|---|---|---|
| 001 | L138041 | ||
| 008 | 070514d2001 xxkur p 0 a0eng u | ||
| 035 | _a(Sirsi) u138041 | ||
| 041 | 0 | _aeng | |
| 110 | 2 |
_aRoyal Institution of Chartered Surveyors _bNorth West Branch _9915 |
|
| 245 | 0 | 0 | _aNorth West News |
| 260 |
_aS.l. _bRICS _c2001- |
||
| 362 | 0 | _a[1] September 2001 | |
| 554 | _aUnknown | ||
| 651 | 4 | _aNORTH WEST (ENGLAND) | |
| 690 | _aMANAGEMENT-BUSINESS MANAGEMENT-PROFESSIONAL PRACTICE | ||
| 942 | _n0 | ||
| 999 |
_c118931 _d118931 |
||